00416nam a2200145Ia 4500008004100000020001500041041001200056082001600068100001300084245010300097260003300200300000700233650001600240700001400256221030s9999 xx 000 0 und d a8175440783 aEnglish a105.23bMeh aS. Mehta 0aWheeler`s Quesiton Bank Series - General Computing (Programming Languages)cby S. Mehta, R. Bangia bWheeler PubaNew Delhic1999 a94 aBE Computer aR. Bangia